000 00730nam a2200253Ia 4500
003 OSt
005 20220926005425.0
006 a|||||r|||| 00| 0
007 ta
008 220923b |||||||| |||| 00| 0 eng d
020 _a08170032091
037 _cGeneral Book
040 _aRTL
_cRTL
_beng
041 _2eng
_aeng
082 _aX:533.49G, hN83, N6
100 _aDevi T.Nirmala
_9310277
245 0 _aPopulation and development in SAARC
260 _a New Delhi
_bSouth Asian Publishers India
_c1996
300 _avii, 140p. Glossary p 134-35
_ccm.
650 _a Free Trade
650 _aEconomics
942 _hX:533.49G, hN83, N6
_cGB
_2CC
999 _c613796
_d613796